CAA College Football Teams - Statistics

General Stats
  • This quiz has been taken 109 times
    16 since last reset
  • The average score is 11 of 14
Answer Stats
School Team Name/Colors % Correct
Albany Great Danes
86%
Campbell Fighting Camels
86%
Elon Phoenix
86%
Maine Black Bears
86%
William & Mary Tribe
86%
Bryant Bulldogs
79%
New Hampshire Wildcats
79%
Rhode Island Rams
79%
Hampton Pirates
71%
Stony Brook Seawolves
71%
Towson Tigers
71%
Monmouth Hawks
64%
Villanova Wildcats
57%
North Carolina A&T Aggies
50%
No matching quizzes found
Score Distribution
Percent of People with Each Score
Percentile by Number Answered
Your Score History
You have not taken this quiz since the last reset